Manažment kvality príručka pre interný audit systému manažérstva kvality

Guardado en:
Detalles Bibliográficos
Autor principal: Džubáková, Martina
Autor Corporativo: Ekonomická univerzita v Bratislave. Fakulta podnikového manažmentu
Otros Autores: Dupaľ, Andrej, Krajčov, Marek
Formato: Libro
Lenguaje:eslovaco
Publicado: Bratislava Vydavateľstvo EKONÓM 2016
Edición:1. vyd.
Materias:
Etiquetas: Agregar Etiqueta
Sin Etiquetas, Sea el primero en etiquetar este registro!

MARC

LEADER 00000nam a2200000 4500
001 0227870
005 20240502073744.1
020 |a 978-80-225-4243-2 
041 0 |a slo 
044 |a SK 
245 1 0 |a Manažment kvality  |b príručka pre interný audit systému manažérstva kvality  |c Martina Džubáková ; recenzenti: Andrej Dupaľ, Marek Krajčov 
250 |a 1. vyd. 
264 1 |a Bratislava  |b Vydavateľstvo EKONÓM  |c 2016 
300 |a 106 s. [4,42 AH] 
610 2 0 |a riadenie kvality 
610 2 0 |a kvalita 
610 2 0 |a normy ISO 
610 2 0 |a vodcovstvo 
610 2 0 |a vedenie 
610 2 0 |a plánovanie 
610 2 0 |a audit interný 
100 1 |a Džubáková, Martina 
700 1 |a Dupaľ, Andrej 
700 1 |a Krajčov, Marek 
710 2 |a Ekonomická univerzita v Bratislave. Fakulta podnikového manažmentu